| Tag |
First Indicator |
Second Indicator |
Subfields |
| LEADER |
00000cam a22000008a 4500 |
| 001 |
in00000994591 |
| 005 |
20150927174508.0 |
| 008 |
900822s1990 dcu f00000 eng |
| 010 |
|
|
|a 90013508
|
| 020 |
|
|
|a 0309050235
|
| 035 |
|
|
|a (OCoLC)22344745
|
| 035 |
|
|
|9 AEY6385AM
|
| 040 |
|
|
|a DLC
|c DLC
|d TXA
|d UtOrBLW
|
| 049 |
|
|
|a TXAM
|
| 050 |
0 |
0 |
|a TE7
|b .H5 no. 1268
|a TE220
|
| 082 |
0 |
0 |
|a 388 s
|a 625.7/6
|2 20
|
| 245 |
0 |
0 |
|a Highway maintenance operations and research, 1990 :
|b materials, construction, and maintenance.
|
| 263 |
|
|
|a 9010
|
| 264 |
|
1 |
|a Washington, D.C. :
|b Transportation Research Board, National Research Council,
|c 1990.
|
| 300 |
|
|
|a 208 pages :
|b illustrations
|
| 336 |
|
|
|a text
|b txt
|2 rdacontent
|
| 337 |
|
|
|a unmediated
|b n
|2 rdamedia
|
| 338 |
|
|
|a volume
|b nc
|2 rdacarrier
|
| 490 |
1 |
|
|a Transportation research record ;
|v no. 1268
|
| 504 |
|
|
|a Includes bibliographical references.
|
| 650 |
|
0 |
|a Roads
|x Maintenance and repair.
|
| 650 |
|
0 |
|a Roads
|x Maintenance and repair
|x Management.
|
| 650 |
|
0 |
|a Pavements
|x Maintenance and repair.
|
| 710 |
2 |
|
|a National Research Council (U.S.).
|b Transportation Research Board.
|
| 830 |
|
0 |
|a Transportation research record ;
|v 1268.
|
| 999 |
|
|
|a MARS
|
| 999 |
f |
f |
|s bc1b211b-5524-3305-95fb-3d216709785a
|i a129f022-f2c5-3e66-851b-81c373bb9ff7
|t 0
|
| 952 |
f |
f |
|p default
|a Texas A&M University
|b College Station
|c Sterling C. Evans Library
|d Evans: Microforms (3rd floor)
|t 0
|e fiche S 745 no.1268
|h Other scheme
|i unmediated -- volume
|
| 952 |
f |
f |
|p ric
|a Texas A&M University
|b Rellis Campus
|c Joint Library Facility
|d Remote Storage
|t 0
|e TE7 .H5 no.1268
|h Library of Congress classification
|i unmediated -- volume
|m A14813806519
|
| 998 |
f |
f |
|a fiche S 745 no.1268
|t 0
|l Evans: Microforms (3rd floor)
|
| 998 |
f |
f |
|a TE7 .H5 no.1268
|t 0
|l Remote Storage
|